000 00974nam a2200217Ia 4500
999 _c39687
_d39687
001 6290
003 GE_BSU
005 20191023174956.0
008 181216s1972||||ge |||||||||||||| ||geo||
040 _cGE_BSU
041 _ageo
080 _a821.353.1-1 ბ-25
100 _aბარათაშვილი, ნიკოლოზ
_94936
245 _aთხზულებანი /
_cნიკოლოზ ბარათაშვილი ; აკაკი გაწერელიას და ივანე ლოლაშვილის რედაქციით.
264 _aთბილისი :
_bსაბჭ.საქართველო ;
_c1972.
300 _a237 გვ. ;
_c22 სმ.
653 _aთხზულებანი
700 _aგაწერელია, აკაკი
_eრედაქტორი
_94939
700 _aლოლაშვილი, ივანე
_eრედაქტორი
_94952
942 _cBK
_2udc